000
00270nam a22001217a 4500
041
_a
ENG
100
_a
Sharp.K.W
245
_a
Practical Engineering Metrology
260
_a
London
_b
Sir Isaac Pitman
_c
1958
300
_a
245
650
_a
SWCE (06)
856
_u
SWCE (06)
999
_c
2909
_d
2909